Giáo trình bồi dưỡng Hiệu trưởng trường Tiểu học
Shranjeno v:
| Glavni avtor: | |
|---|---|
| Format: | Knjiga |
| Jezik: | Undetermined |
| Izdano: |
Hà Nội
Nhà xuất bản Hà Nội
2006
|
| Teme: | |
| Oznake: |
Označite
Brez oznak, prvi označite!
|
| Thư viện lưu trữ: | Trung tâm Học liệu Trường Đại học Cần Thơ |
|---|
| LEADER | 00593nam a2200193Ia 4500 | ||
|---|---|---|---|
| 001 | CTU_112476 | ||
| 008 | 210402s9999 xx 000 0 und d | ||
| 020 | |c 17000 | ||
| 082 | |a 372 | ||
| 082 | |b T120/P.5 | ||
| 100 | |a Mai, Quang Tâm | ||
| 245 | 0 | |a Giáo trình bồi dưỡng Hiệu trưởng trường Tiểu học | |
| 245 | 0 | |c Mai Quang Tâm (Chủ biên) | |
| 260 | |a Hà Nội | ||
| 260 | |b Nhà xuất bản Hà Nội | ||
| 260 | |c 2006 | ||
| 650 | |a Education (Elementary) | ||
| 904 | |i Minh | ||
| 980 | |a Trung tâm Học liệu Trường Đại học Cần Thơ | ||